Drift upon a dream / (Record no. 8291)

MARC details
000 -LEADER
fixed length control field 00999nam a22003017a 4500
001 - CONTROL NUMBER
control field 8291
003 - CONTROL NUMBER IDENTIFIER
control field FISKH
005 - DATE AND TIME OF LATEST TRANSACTION
control field 20250908145109.0
008 - FIXED-LENGTH DATA ELEMENTS--GENERAL INFORMATION
fixed length control field 250908b cb ||||| |||| 00| 0 eng d
020 ## - INTERNATIONAL STANDARD BOOK NUMBER
International Standard Book Number 9780192762726
040 ## - CATALOGING SOURCE
Original cataloging agency FISKH
Language of cataloging eng
Transcribing agency FISKH
Modifying agency FISKH
050 ## - LIBRARY OF CONGRESS CALL NUMBER
Classification number PS595.N54 D75
082 ## - DEWEY DECIMAL CLASSIFICATION NUMBER
Classification number 811.008
100 ## - MAIN ENTRY--PERSONAL NAME
Personal name Foster, John
Dates associated with a name (1941–)
245 ## - TITLE STATEMENT
Title Drift upon a dream /
Statement of responsibility, etc. Poems for sleepy babies ; Chosen by John Foster ; Illustrated by Melanie Williamson
250 ## - EDITION STATEMENT
Edition statement This edition first published in 2002
260 ## - PUBLICATION, DISTRIBUTION, ETC.
Place of publication, distribution, etc. New York :
Name of publisher, distributor, etc. Oxford,
Date of publication, distribution, etc. 2002
300 ## - PHYSICAL DESCRIPTION
Extent 26 unnumbered pages :
Other physical details color illustrations ;
Dimensions 25 cm
505 ## - FORMATTED CONTENTS NOTE
Formatted contents note R<br/>
520 ## - SUMMARY, ETC.
Summary, etc. American and English poems for young children about the end of the day, bedtime, and sleep.<br/>
521 8# - TARGET AUDIENCE NOTE
Target audience note 740<br/>
Source Lexile<br/>
521 8# - TARGET AUDIENCE NOTE
Target audience note R<br/>
Source Raz-Plus<br/>
650 ## - SUBJECT ADDED ENTRY--TOPICAL TERM
Source of heading or term Poetry
Topical term or geographic name entry element Preschool
650 ## - SUBJECT ADDED ENTRY--TOPICAL TERM
Source of heading or term Children's books
Topical term or geographic name entry element Nighttime stories
700 ## - ADDED ENTRY--PERSONAL NAME
Personal name Williamson, Melanie
Dates associated with a name illustrator
942 ## - ADDED ENTRY ELEMENTS (KOHA)
Source of classification or shelving scheme Dewey Decimal Classification
Koha item type Books
Suppress in OPAC No
Holdings
Withdrawn status Lost status Source of classification or shelving scheme Damaged status Not for loan Collection Home library Current library Shelving location Date acquired Total Checkouts Full call number Barcode Date last seen Copy number Price effective from Koha item type
    Dewey Decimal Classification     Juvenile Fiction Footprints International School Library Network Toul Tom Poung Campus Footprints International School Library Network Toul Tom Poung Campus TTP Primary Orange Bookshelves 09/08/2025   FOS 811.008 PS595.N54 D75 FISBK05485 09/08/2025 1 09/08/2025 Books